Score 0/20 Timer 04:00
1 Play Today
Hint Answer % Correct
Steven SoderberghEleven
97.2%
Francis Ford CoppolaNow
96.7%
Ridley ScottLouise
94%
Ridley ScottHawk
93.3%
Ridley ScottRunner
89%
Martin ScorseseBull
88.1%
Martin ScorseseIsland
83.9%
Martin ScorseseTaxi
80.2%
Martin ScorseseGangs
78%
Francis Ford CoppolaPeggy
71%
Hint Answer % Correct
Steven SoderberghOut
70.1%
Steven SoderberghBrockovich
64.3%
Ridley ScottMen
64.3%
Martin ScorseseChrist
63.3%
Steven SoderberghVideotape
62.7%
Ridley ScottKingdom
30.6%
Steven SoderberghGood
29%
Francis Ford CoppolaHeart
13.6%
Francis Ford CoppolaCotton
11.2%
Francis Ford CoppolaYouth
8.8%

Today's Daily Dose

Remove Ads.
Support Sporcle.
Get the best of Sporcle when you Go Orange. This ad-free experience offers more features, more stats, and more fun while also helping to support Sporcle. Thank you for becoming a member.

You're not logged in!

Compare scores with friends on all Sporcle quizzes.
OR
Log In

Show Comments

Extras

Top Quizzes Today


Score Distribution

Your Account Isn't Verified!

In order to create a playlist on Sporcle, you need to verify the email address you used during registration. Go to your Sporcle Settings to finish the process.

Report this User

Report this user for behavior that violates our Community Guidelines.

Details: